00547 2200193 4500001002100000005001500021035002000036007000300056008004100059020002200100082001000122084001600132100002200148245007000170250001100240260004000251300004600291650001600337INLIS00000000000046320221107101824 a0010-1122000057ta221107 b 0 ind  a978-602-252-987-3 a028.5 a028.5 ELV i0 aElvina Lim Kusumo1 aIMC Llittle Scientist :bBermain dengan Awan /cElvina Lim Kusumo aCet. I aJakarta :bErlangga For Kids,c2018 a32 halaman :bilustrasi berwarna ;c20 cm 4aBacaan Anak